Statystyki dla Najludniejsze miasta w Polsce kończące się na -awa

Kliknij tutaj aby rozwiązać quiz!

Ogólne statystyki

  • Ten quiz został rozwiązany 38 razy
  • Średni wynik to 4 z 10

Statystyki odpowiedzi

MiejsceMiasto% Poprawnych
1Warszawa
100%
3Iława
55%
4Mława
55%
2Oława
41%
6Włodawa
31%
5Bielawa
21%
9Kłodawa
17%
8Lubawa
17%
10Ścinawa
10%
7Szprotawa
7%

Rozkład punktacji

Percentyl według liczby udzielonych odpowiedzi

Procent ludzi z każdym wynikiem

Twoja historia wyników

Nie rozwiązałeś tego quizu